000 00989nam a2200325 a 4500
001 0000428
003 DO-SdBPM
005 20250812092742.0
007 ta
008 091125s1997 sp a 000 0 spa d
020 _a9502407849
040 _aDO-SdBPM
_bspa
_cBPMSU
_erda
082 4 _a745.52
_bR696t 1997
_222
100 1 _aRodríguez, Susana
_eautor
245 1 0 _aTarjetas /
_cSusana Rodríguez ; ilustraciones Adrián Borlasca
260 _a
_b
_c
264 _aArgentina :
_bEditorial Albatros,
_c1997
300 _a62 páginas :
_bilustraciones ;
_c18 cm.
_e
336 _atexto
_btxt
_2rdacontent
337 _asin mediación
_bn
_2rdamedia
338 _avolumen
_bnc
_2rdacarrier
490 0 _a Chicos creativos
590 _aInventariado, 2025/VM
650 7 _a Trabajos en papel
_x
650 7 _aTrabajos manuales (Educación)
654 _v
700 1 _a Borlasca, Adrián
_eilustraciones
910 _a VMateo V. Control de calidad. BPMSU
942 _2ddc
_cBK
999 _c15313
_d15313